LEADER 00972nam2 2200349 450 001 990001914480203316 005 20100511091214.0 035 $a000191448 035 $aUSA01000191448 035 $a(ALEPH)000191448USA01 035 $a000191448 100 $a20040806f---0---9km-y0itay50------ba 101 0 $aita 102 $aIT 105 $ay|||||||001yy 200 1 $aOpere di Carlo Bernari 210 $aMilano$cMondadori 215 $avolumi$d20 cm 225 2 $aNarratori italiani 410 0$1001000131027$12001$aNarratori italiani 676 $a853.914 700 1$aBERNARI,$bCarlo$038384 801 0$aIT$bsalbc$gISBD 912 $a990001914480203316 951 $aVI.3. Coll. 29/ 20/$bL.M.$cVI.3. Coll. 959 $aBK 969 $aUMA 979 $aACQUISTI$b10$c20040806$lUSA01$h1300 979 $aACQUISTI$b10$c20040809$lUSA01$h1029 979 $aANNAMARIA$b90$c20100511$lUSA01$h0912 996 $aOpere di Carlo Bernari$9953178 997 $aUNISA LEADER 01077nam0-22003131i-450- 001 990005620820403321 005 20120621152520.0 035 $a000562082 035 $aFED01000562082 035 $a(Aleph)000562082FED01 035 $a000562082 100 $a19990604d1973----km-y0itay50------ba 101 0 $aita 102 $aIT 105 $ay-------001yy 200 1 $a<>incisione dalle origini al XVIII secolo$ePadova 24 novembre-30 dicembre 1973 210 $aPadova$cMarsilio$d1973 215 $a84 p.$d23 cm 300 $aPrima del tit.: 5. Mostra-mercato dell'incisione antica e contemporanea, sotto il patrocinio della Regione Veneto 610 0 $aIncisioni$aStoria$aEsposizioni$a1973 676 $a769$v21$zita 710 12$aMostra-mercato dell'incisione antica e contemporanea,$d5.$f<1973-1974 ;$ePadova>$0435943 801 0$aIT$bUNINA$gRICA$2UNIMARC 901 $aBK 912 $a990005620820403321 952 $a769 MOSTRE PADOVA 1973$bST.ARTE 11615$fFLFBC 959 $aFLFBC 996 $aIncisione dalle origini al XVIII secolo$9604503 997 $aUNINA